El imperialismo en el lenguaje
Uloženo v:
| Hlavní autoři: | , , , |
|---|---|
| Médium: | Kniha |
| Jazyk: | španělština |
| Vydáno: |
Buenos Aires
Universidad de Buenos Aires
1956
|
| Edice: | Colección de Estudios Estilísticos, 2
|
| Témata: | |
| Tagy: |
Přidat tag
Žádné tagy, Buďte první, kdo vytvoří štítek k tomuto záznamu!
|
MARC
| LEADER | 00000nam a2200000 a 4500 | ||
|---|---|---|---|
| 001 | UCJ9230 | ||
| 003 | CL-VaPUC | ||
| 008 | 070309e19560000AG |||||||||||||||||spa|d | ||
| 082 | 0 | 4 | |a 401 |b BAL |2 21 |
| 100 | 0 | |a Bally, Charles |e author |9 519165 | |
| 700 | 0 | |a Richter, Elise |e author |9 519166 | |
| 700 | 0 | |a Alonso, Amado |e author |9 420398 | |
| 700 | |a Lida, Raimundo |e author |9 303794 | ||
| 245 | 1 | 3 | |a El imperialismo en el lenguaje |
| 300 | |a 259 p | ||
| 942 | |c BK | ||
| 945 | |d 20070309 00:00:00 |a jtorresc | ||
| 260 | |a Buenos Aires |b Universidad de Buenos Aires |c 1956 | ||
| 500 | |a Donación del Dr. Luis Gómez Macker | ||
| 650 | 0 | |a Filosofía del lenguaje |9 257082 | |
| 650 | 0 | |a Gramática |9 270497 | |
| 650 | 0 | |a Lingüística |9 265068 | |
| 650 | 0 | |a Filología |9 321245 | |
| 583 | |a last modification |c 20070309 00:00:00 |k Rodrigo Vera | ||
| 490 | 0 | |a Colección de Estudios Estilísticos, 2 | |
| 999 | |c 324816 |d 324814 | ||
| 952 | |0 0 |1 0 |4 0 |6 401_000000000000000_BAL_1956 |7 0 |8 A |9 405182 |a FDOPOS |b FDOPOS |d 2019-11-22 |i 4269543 |o 401 BAL 1956 |p 4269543 |r 2025-01-22 |w 2019-11-22 |y BK |k MLA | ||